000 00723cam a22002653a 4500
001 697
003 PGUSA
005 20140828082951.0
008 961001s1996||||xxu|||||s|||||000 | eng d
040 _aPGUSA
_beng
042 _adc
050 4 _aPZ
050 4 _aPR
100 1 _aMacDonald, George,
_d1824-1905
245 1 4 _aThe Light Princess
_h[electronic resource] /
_cGeorge MacDonald
260 _bProject Gutenberg,
_c1996
506 _aPublic domain in the USA.
516 _aElectronic text
653 _aFairy tales
653 _aChildren's stories, English
653 _aFairy tales -- Great Britain
830 0 _aProject Gutenberg
_v697
856 4 0 _uhttp://www.gutenberg.org/ebooks/697
942 _cEB
999 _c230048
_d230048